| 000 | 00420pab a2200157 454500 | ||
|---|---|---|---|
| 008 | 180718b2002 xxu||||| |||| 00| 0 eng d | ||
| 100 | _aMahajan, Anil | ||
| 245 | _aSome reflections on the state of unprivileged groups in India | ||
| 260 | _c2002 | ||
| 300 | _ap.245-49. | ||
| 362 | _aApr-Sep | ||
| 650 | _aBackward classes | ||
| 700 | _aSrivastava, Vinay Kumar | ||
| 773 | _aEastern Anthropologist | ||
| 909 | _a59969 | ||
| 999 |
_c59969 _d59969 |
||